Word Scramble - Trees - Statistics

General Stats
  • This quiz has been taken 84 times
  • The average score is 8 of 10
Answer Stats
Gibberish Tree % Correct
ebehc Beech
100%
dowogdo Dogwood
100%
mel Elm,
100%
koa Oak
100%
npie Pine
100%
liloww Willow
100%
rbchi Birch
92%
droowed Redwood
91%
cdera Cedar
88%
mgnraevo Mangrove
86%
clypteuaus Eucalyptus
78%
nlwuta Walnut
78%
emlpa Maple
73%
ciaaca Acacia
67%
lpape Apple
67%
spena Aspen
67%
uduecidos Deciduous
67%
isqouae Sequoia
60%
hmloekc Hemlock
58%
prsceu Spruce
50%
bynnaa Banyan
11%
No matching quizzes found
Score Distribution
Percent of People with Each Score
Percentile by Number Answered
Your Score History
You have not taken this quiz